000 01135nam a2200349 i 4500
001 8179
003 ES-MaACL
005 20250602063218.0
007 t|
008 920302s1991 sp |||| |bspa d
017 _aM 21175-1991 (vol. I)
017 _aM 21176-1991 (vol. II)
020 _a84-7506-341-1
020 _a8475063411
_q(vol. I)
020 _a847506342x
_q(vol. II)
040 _cES-MaACL
080 _a929:78 Shubert, Franz
100 1 _aMassin, Brigitte
_978822
_eaut
245 1 0 _aFranz Schubert /
_cBrigitte Massin ; traducido por Isabel Asumendi.
260 _aMadrid :
_bTurner,
_c[1991]
300 _a2 v. (1475 p.) ;
_c22 cm.
490 1 _aTurner música
505 8 _aContiene: 1 ;
_tBiografía - 2 ;
_tObra
600 1 7 _aSchubert, Franz
_9144151
700 0 _aAsumendi, Isabel
_923710
_etrl
830 0 _aTurner música
_9178073
852 _aES-MaACL
_jL-15505
_cDEPO2
_xEncuadernación cartoné con sobrecubierta
852 _aES-MaACL
_jL-15506
_cDEPO2
_xEncuadernación cartoné con sobrecubierta
942 _cMONOGRAFIA
999 _c8179
_d8179